[Event "89th YMCA Spring-A"]
[Site "Warszawa"]
[Date "2011.04.19"]
[Round "4"]
[White "Choroszej, Aleksander"]
[Black "Grochulski, Grzegorz"]
[Result "0-1"]
[WhiteElo "2067"]
[BlackElo "2069"]
[PlyCount "144"]
[EventDate "2011.03.29"]
[EventType "tourn"]
[EventRounds "1"]
[EventCountry "POL"]
[SourceDate "2011.03.31"]

1. d4 e6 2. c4 b6 3. e4 Bb7 4. Bd3 Nf6 5. Nd2 Bb4 6. Qe2 O-O 7. f4 d5 8. cxd5
exd5 9. e5 Ne4 10. Ngf3 c5 11. O-O Bxd2 12. Bxd2 Nc6 13. Bc3 Qe7 14. Rad1 f5
15. exf6 Rxf6 16. Bxe4 dxe4 17. Qc4+ Qf7 18. Qxf7+ Rxf7 19. Ne5 Nxe5 20. dxe5
Ba6 21. Rfe1 Bd3 22. g3 g6 23. Kf2 b5 24. Ba5 Rb7 25. Rc1 c4 26. a3 Kf7 27. Ke3
Ke6 28. Red1 g5 29. Rd2 gxf4+ 30. gxf4 Rg8 31. Rf2 Kf5 32. Rd1 Rbg7 33. Bb4 Rg6
34. Re1 Rh6 35. Kd4 Rh3 36. Re3 Rh4 37. Be7 Rxf4 38. Rxf4+ Kxf4 39. Rh3 Rg7 40.
Bf6 Rd7+ 41. Kc5 Kf5 42. Kc6 Ke6 43. Bh8 Rd8 44. Rh6+ Kf5 45. Bf6 Re8 46. Rxh7
e3 47. Bh4 Rxe5 48. Rh5+ Ke4 49. Rxe5+ Kxe5 50. Be1 Ke4 51. h4 Kf3 52. h5 Ke2
53. Bc3 a6 54. Kb6 Kd1 55. Kxa6 e2 56. h6 e1=Q 57. Bxe1 Kxe1 58. h7 Bxh7 59.
Kxb5 Bd3 60. Kb4 Kd2 61. a4 Kc2 62. Ka3 Be4 63. a5 Bb7 64. Ka2 Ba6 65. Ka1 Bc8
66. Ka2 Ba6 67. Ka1 Kb3 68. Kb1 Bc8 69. Kc1 Kb4 70. Kc2 Bf5+ 71. Kd2 Kxa5 72.
Kc3 Be6 0-1

[Event "89th YMCA Spring-A"]
[Site "Warszawa"]
[Date "2011.05.05"]
[Round "4"]
[White "Kielar, Maciej"]
[Black "Krasiewicz, Robert"]
[Result "1/2-1/2"]
[WhiteElo "2101"]
[BlackElo "2057"]
[Annotator "M"]
[PlyCount "101"]
[EventDate "2011.03.29"]
[EventType "tourn"]
[EventRounds "1"]
[EventCountry "POL"]
[SourceDate "2011.03.31"]

1. e4 d5 2. exd5 Nf6 3. Nf3 Qxd5 4. Nc3 Qd6 5. d4 a6 6. g3 Bg4 7. Bg2 Nc6 8.
O-O O-O-O 9. h3 Bf5 10. d5 Nb4 11. Bf4 Qc5 12. Nd4 Nbxd5 13. Nxf5 Nxf4 14.
Bxb7+ Kxb7 15. Qxd8 Nxh3+ 16. Kg2 Qxf5 17. f4 e6 18. Qd3 Nxf4+ 19. Rxf4 Qxd3
20. cxd3 Bd6 21. Rf3 h5 22. Rc1 Rh6 23. Na4 Rg6 24. Kh3 Rg5 25. d4 Rg4 26. Nc5+
Kc8 27. Nxa6 Rxd4 28. Rfc3 Nd5 29. Rc6 Rd3 30. Rxd6 Nf4+ 31. Kh4 Rxd6 32. Nxc7
Nd3 33. Nb5+ Nxc1 34. Nxd6+ Kd7 35. Nxf7 Nxa2 36. Kxh5 Nb4 37. Kg6 Nd3 38. b3
e5 39. Kf5 e4 40. Kxe4 Nc5+ 41. Kf5 Nxb3 42. Kg6 Nd4 $11 43. g4 Ne6 44. Ne5+
Ke7 45. Nf3 Kf8 46. Nh4 Nf4+ 47. Kf5 Nh3 48. Ng2 Kf7 49. Ne1 Nf2 50. g5 g6+ 51.
Ke5 $11 1/2-1/2

[Event "89th YMCA Spring-A"]
[Site "Warszawa"]
[Date "2011.04.22"]
[Round "4"]
[White "Kasperkiewicz, Pawel"]
[Black "Liberadzki, Slawomir"]
[Result "1/2-1/2"]
[WhiteElo "2128"]
[BlackElo "2013"]
[Annotator "M"]
[PlyCount "179"]
[EventDate "2011.03.29"]
[EventType "tourn"]
[EventRounds "1"]
[EventCountry "POL"]
[SourceDate "2011.03.31"]

1. e4 c5 2. Nf3 e6 3. d4 cxd4 4. Nxd4 a6 5. Bd3 Nc6 6. Nxc6 bxc6 7. O-O d5 8.
c4 Nf6 9. cxd5 cxd5 10. exd5 Qxd5 11. Nc3 Qc6 12. Bc2 Bd7 13. Bg5 Rd8 14. Bxf6
gxf6 15. Qg4 h5 16. Qh4 Be7 17. Rfd1 f5 18. Qh3 Bf6 $11 19. Ba4 Qb7 20. Rxd7
Rxd7 21. Rd1 Qxb2 22. Bxd7+ Ke7 23. Na4 Qxa2 24. Qe3 Kf8 25. Nc5 Be7 26. Nd3
Qd5 27. Qe5 Qxe5 28. Nxe5 Kg7 29. Ra1 Bf6 30. f4 Rd8 31. Bc6 Be7 32. g3 Rd2 33.
Rxa6 h4 34. Nf3 Bc5+ 35. Kh1 Rd1+ 36. Kg2 hxg3 37. hxg3 f6 38. Ra2 Rd6 39. Bb5
Kh6 40. Re2 Bb4 41. Bc4 e5 42. fxe5 fxe5 43. Rxe5 Rf6 44. Re6 Rxe6 45. Bxe6 Kg6
46. Nh4+ Kf6 47. Bxf5 Be1 48. Bc2 Bxg3 49. Kxg3 Ke5 50. Nf3+ Kd5 51. Kf4 Ke6
52. Bb3+ Kf6 53. Ne5 Ke7 54. Kf5 Kd6 55. Nd3 Ke7 56. Ke5 Kd7 57. Bd5 Ke7 58.
Nb2 Kd7 59. Nc4 Ke7 60. Kf5 Kf8 61. Kf6 Ke8 62. Kg7 Ke7 63. Bf7 Kd7 64. Bd5 Ke7
65. Kg6 Ke8 66. Kf6 Kf8 67. Be6 Ke8 68. Ne3 Kd8 69. Nd5 Ke8 70. Bg8 Kd7 71. Ke5
Kc6 72. Nb4+ Kc5 73. Nd3+ Kc6 74. Be6 Kb5 75. Bb3 Kc6 76. Ke6 Kc7 77. Ba4 Kb6
78. Kd6 Ka5 79. Bd7 Kb6 80. Bc6 Ka5 81. Kc5 Ka6 82. Ne5 Ka5 83. Bd7 Ka6 84.
Bb5+ Kb7 85. Nc4 Kc7 86. Ba4 Kc8 87. Kc6 Kd8 88. Kd6 Kc8 89. Bb5 Kd8 90. Nb6
1/2-1/2

[Event "89th YMCA Spring-A"]
[Site "Warszawa"]
[Date "2011.04.22"]
[Round "4"]
[White "Jaworski, Andrzej"]
[Black "Malec, Sebastian"]
[Result "0-1"]
[WhiteElo "2040"]
[BlackElo "2195"]
[PlyCount "120"]
[EventDate "2011.03.29"]
[EventType "tourn"]
[EventRounds "1"]
[EventCountry "POL"]
[SourceDate "2011.03.31"]

1. e4 c5 2. Nf3 e6 3. d4 cxd4 4. Nxd4 Nc6 5. Nxc6 bxc6 6. Bd3 d5 7. O-O Nf6 8.
Qe2 dxe4 9. Bxe4 Nxe4 10. Qxe4 Qd5 11. Qg4 h5 12. Qg5 Ba6 13. Re1 Rb8 14. b3
Bc5 15. Nc3 Qxg5 16. Bxg5 Bd4 17. Bd2 h4 18. h3 Rh5 19. Rad1 Rd8 20. Ne4 Rf5
21. Bg5 Bxf2+ 22. Nxf2 Rxg5 23. Rxd8+ Kxd8 24. Re4 Ra5 25. Rxh4 Rxa2 26. Rh7
Rxc2 27. Rxg7 Ke7 28. Rg3 Be2 29. Re3 c5 30. g4 c4 31. bxc4 Bxc4 32. Ra3 Ra2
33. Rc3 Bd5 34. h4 Kf6 35. h5 a5 36. h6 Kg6 37. g5 Ra1+ 38. Kh2 Rf1 39. Kg3
Rg1+ 40. Kh4 Rxg5 41. Ng4 Rh5+ 42. Kg3 f5 43. Ne5+ Kf6 44. Nd7+ Kg5 45. Nb6 Be4
46. Rc5 Rxh6 47. Rxa5 Rh7 48. Nc4 Rc7 49. Nd2 Rc3+ 50. Kf2 Bd5 51. Nf1 f4 52.
Nd2 Kg4 53. Ra4 Rc2 54. Ke2 Kg3 55. Kd1 Rc8 56. Ke2 f3+ 57. Kd3 Rc1 58. Ra7 Re1
59. Rg7+ Kf2 60. Rh7 e5 0-1

[Event "89th YMCA Spring-A"]
[Site "Warszawa"]
[Date "2011.04.22"]
[Round "4"]
[White "Jarmula, Pawel"]
[Black "Zurkowski, Andrzej"]
[Result "1/2-1/2"]
[WhiteElo "2031"]
[BlackElo "2135"]
[Annotator "M"]
[PlyCount "111"]
[EventDate "2011.03.29"]
[EventType "tourn"]
[EventRounds "1"]
[EventCountry "POL"]
[SourceDate "2011.03.31"]

1. e4 d5 2. exd5 Qxd5 3. Nc3 Qd6 4. d4 Nf6 5. Nf3 Bg4 6. Be2 c6 7. O-O Bxf3 8.
Bxf3 e6 9. g3 Qc7 10. Re1 Bd6 11. Bg5 Nbd7 12. d5 cxd5 13. Nxd5 Nxd5 14. Qxd5
O-O 15. Qxb7 Qxb7 16. Bxb7 Rab8 17. Bc6 Ne5 18. Bf4 Rfc8 19. Bg2 Nc4 20. b3
Bxf4 21. gxf4 Na3 22. Rac1 Rxc2 23. Rxc2 Nxc2 24. Rc1 Nd4 25. Rc4 Nb5 26. Bc6
Nd6 27. Rd4 Nf5 28. Rd7 g6 29. Rxa7 Nd4 30. Be4 Ne2+ 31. Kg2 Nxf4+ 32. Kf3 e5
33. Ra8 Rxa8 34. Bxa8 Kf8 35. a4 Ke7 36. a5 Kd6 37. a6 Kc5 38. a7 Kb6 39. Bd5
Kxa7 40. Bxf7 Kb6 41. Ke4 Nd3 42. Ke3 Kc5 $11 43. Bg8 h6 44. Bf7 Nf4 45. Ke4
Kd6 46. f3 g5 47. Bc4 Ng6 48. b4 Kc6 49. Bf7 Nh4 50. Be8+ Kd6 51. b5 Kc5 52.
Bh5 Kxb5 53. Kxe5 Kc6 54. Kf6 Kd6 55. Kg7 Ke5 56. Kxh6 $11 1/2-1/2

[Event "89th YMCA Spring-A"]
[Site "Warszawa"]
[Date "2011.04.12"]
[Round "4"]
[White "Gluszko, Monika"]
[Black "Szymczak, Rafal"]
[Result "1-0"]
[WhiteElo "1990"]
[BlackElo "2089"]
[Annotator "M"]
[PlyCount "73"]
[EventDate "2011.03.29"]
[EventType "tourn"]
[EventRounds "1"]
[EventCountry "POL"]
[SourceDate "2011.03.31"]

1. e4 c6 2. d4 d5 3. f3 e6 4. Be3 Nf6 5. e5 Nfd7 6. c3 c5 7. Nh3 Be7 8. Be2 b6
9. O-O Ba6 10. f4 Bxe2 11. Qxe2 g6 12. f5 gxf5 13. Qh5 Nf8 14. Kh1 Rg8 15. Nd2
Nc6 $11 16. Nf3 Qd7 17. Nfg5 Bxg5 18. Nxg5 cxd4 19. cxd4 Qe7 20. g4 Nxd4 21.
Rad1 Nc6 22. gxf5 Nxe5 23. fxe6 Nxe6 24. Nxh7 Ng7 25. Qh3 Nd7 26. Ng5 f6 27.
Rfe1 Ne5 28. Bf4 Rd8 29. Nf3 Rd6 30. Qh7 Rf8 31. Nxe5 fxe5 32. Bxe5 Ne6 33.
Qh5+ Rf7 34. Bxd6 Qxd6 35. Rxd5 Qc6 36. Rxe6+ Qxe6 37. Re5 1-0

[Event "89th YMCA Spring-A"]
[Site "Warszawa"]
[Date "2011.04.22"]
[Round "4"]
[White "Kaczorowski, Piotr"]
[Black "Sielicki, Tomasz"]
[Result "1-0"]
[WhiteElo "2117"]
[BlackElo "2026"]
[PlyCount "79"]
[EventDate "2011.03.29"]
[EventType "tourn"]
[EventRounds "1"]
[EventCountry "POL"]
[SourceDate "2011.03.31"]

1. d4 d6 2. Nf3 g6 3. g3 Bg7 4. Bg2 c5 5. O-O cxd4 6. Nxd4 Qb6 7. c3 Nc6 8. Nb3
Nf6 9. Na3 a5 10. Be3 Qa6 11. h3 O-O 12. Qd3 Bf5 13. Qxa6 Rxa6 14. Nd2 a4 15.
g4 Be6 16. Ne4 Nd5 17. Bd2 h6 18. f4 f5 19. Ng3 Nf6 20. gxf5 gxf5 21. Nb5 Rb6
22. Nc7 Bd7 23. Rab1 Na5 24. Be3 Rc6 25. Nd5 Nxd5 26. Bxd5+ Kh7 27. Bxc6 Bxc6
28. Bd4 e5 29. fxe5 dxe5 30. Bc5 Rf7 31. Rxf5 Rxf5 32. Nxf5 Bf6 33. Rf1 Nc4 34.
Nxh6 Bg5 35. Ng4 e4 36. Bd4 Nxb2 37. Rf7+ Kg6 38. Ne5+ Kh5 39. Rh7+ Bh6 40. Be3
1-0

[Event "89th YMCA Spring-A"]
[Site "Warszawa"]
[Date "2011.04.26"]
[Round "5"]
[White "Sielicki, Tomasz"]
[Black "Choroszej, Aleksander"]
[Result "1-0"]
[WhiteElo "2026"]
[BlackElo "2067"]
[PlyCount "57"]
[EventDate "2011.03.29"]
[EventType "tourn"]
[EventRounds "1"]
[EventCountry "POL"]
[SourceDate "2011.03.31"]

1. e4 g6 2. d4 Bg7 3. Nc3 d6 4. f4 Nf6 5. Nf3 O-O 6. e5 Nfd7 7. Bc4 e6 8. O-O
a6 9. a4 b6 10. b4 Bb7 11. Ba3 Bxf3 12. Qxf3 d5 13. b5 Re8 14. Nxd5 exd5 15.
Bxd5 Ra7 16. Bxf7+ Kh8 17. Bxe8 Qxe8 18. f5 gxf5 19. Qxf5 c5 20. bxc6 Nxc6 21.
c3 Nd8 22. Rae1 Ne6 23. Re3 Ndf8 24. Ref3 Qxa4 25. Bxf8 Nxf8 26. Qc8 Qa3 27.
Rxf8+ Bxf8 28. Rxf8+ Kg7 29. Rg8+ 1-0

[Event "89th YMCA Spring-A"]
[Site "Warszawa"]
[Date "2011.05.04"]
[Round "5"]
[White "Szymczak, Rafal"]
[Black "Kaczorowski, Piotr"]
[Result "1/2-1/2"]
[WhiteElo "2089"]
[BlackElo "2117"]
[PlyCount "113"]
[EventDate "2011.03.29"]
[EventType "tourn"]
[EventRounds "1"]
[EventCountry "POL"]
[SourceDate "2011.03.31"]

1. f4 d5 2. Nf3 g6 3. g3 Bg7 4. d3 d4 5. c3 c5 6. e4 dxe3 7. Bxe3 Nd7 8. d4
cxd4 9. Bxd4 Ngf6 10. Bg2 O-O 11. O-O Re8 12. Nbd2 Nf8 13. Ne5 N6d7 14. Ndf3
Nb6 15. Qb3 Be6 16. Bxb6 axb6 17. Qb4 Qc7 18. Nd4 Red8 19. a3 Bd5 20. Nef3 Ne6
21. Nxe6 Bxe6 22. Rfe1 Bf6 23. Rad1 Qc5+ 24. Qxc5 bxc5 25. Ne5 Rd6 26. Rxd6
exd6 27. Nd3 Rb8 28. Nf2 h6 29. Rd1 Be7 30. Bd5 b5 31. b4 Bxd5 32. Rxd5 Ra8 33.
Ne4 Rxa3 34. bxc5 dxc5 35. Rd7 Kf8 36. Rb7 b4 37. cxb4 cxb4 38. Nd2 Ra2 39. Nc4
Rc2 40. Ne5 Rc3 41. Kf1 b3 42. Ke1 g5 43. Kd2 Rc2+ 44. Kd3 Rxh2 45. Rxb3 Rh3
46. Ke4 gxf4 47. Rb8+ Kg7 48. gxf4 Bd6 49. Rb7 Bxe5 50. fxe5 Kg6 51. Rb6+ Kg7
52. e6 fxe6 53. Rxe6 Rg3 54. Kf4 Rg1 55. Kf3 h5 56. Re2 Kh6 57. Rg2 1/2-1/2

[Event "89th YMCA Spring-A"]
[Site "Warszawa"]
[Date "2011.04.28"]
[Round "5"]
[White "Zurkowski, Andrzej"]
[Black "Gluszko, Monika"]
[Result "0-1"]
[WhiteElo "2135"]
[BlackElo "1990"]
[PlyCount "52"]
[EventDate "2011.03.29"]
[EventType "tourn"]
[EventRounds "1"]
[EventCountry "POL"]
[SourceDate "2011.03.31"]

1. d4 Nf6 2. g4 Nxg4 3. e4 d5 4. e5 Bf5 5. Nc3 e6 6. Nf3 h5 7. h3 Nh6 8. Bd3
Bxd3 9. Qxd3 a6 10. a3 c5 11. dxc5 Bxc5 12. Bg5 Qc7 13. O-O-O Nc6 14. Rhe1 Ne7
15. b4 Bxf2 16. Re2 Ba7 17. Bxh6 Rxh6 18. Ng5 Rg6 19. h4 Rc8 20. Kb2 Qc4 21.
Qf3 Bd4 22. Rd3 Nf5 23. Red2 Bxc3+ 24. Rxc3 Qxc3+ 25. Qxc3 Rxc3 26. Kxc3 Nxh4
0-1

[Event "89th YMCA Spring-A"]
[Site "Warszawa"]
[Date "2011.04.29"]
[Round "5"]
[White "Malec, Sebastian"]
[Black "Jarmula, Pawel"]
[Result "1-0"]
[WhiteElo "2195"]
[BlackElo "2031"]
[PlyCount "93"]
[EventDate "2011.03.29"]
[EventType "tourn"]
[EventRounds "1"]
[EventCountry "POL"]
[SourceDate "2011.03.31"]

1. d4 d5 2. c4 c6 3. Nf3 Nf6 4. Nc3 e6 5. Bg5 h6 6. Bxf6 Qxf6 7. e3 Qd8 8. Be2
Be7 9. O-O O-O 10. a3 Nd7 11. b4 dxc4 12. Bxc4 b5 13. Bd3 a5 14. Qb3 Nb6 15.
Ne5 Bb7 16. Rac1 axb4 17. axb4 Qd6 18. Ne4 Qxb4 19. Qd1 f5 20. Rb1 Qa5 21. Ng3
Nd5 22. Ng6 Rfe8 23. Qh5 Qa3 24. e4 Qxd3 25. exd5 Qxd4 26. dxe6 Qg4 27. Qxf5
Qxf5 28. Nxf5 Bc5 29. Rfc1 Ba3 30. Re1 Kh7 31. Nf4 g6 32. Nd4 Ra4 33. Rbd1 g5
34. Nh5 Kg6 35. Nf5 Bf8 36. Nhg3 Bb4 37. Nd6 Bxd6 38. Rxd6 Re7 39. Rd7 Rxd7 40.
exd7 Rd4 41. Re7 Rd1+ 42. Nf1 Ba6 43. Re6+ Kf5 44. Rxc6 Bb7 45. Rc7 Be4 46. f3
Bb1 47. Rc1 1-0

[Event "89th YMCA Spring-A"]
[Site "Warszawa"]
[Date "2011.04.29"]
[Round "5"]
[White "Liberadzki, Slawomir"]
[Black "Jaworski, Andrzej"]
[Result "1-0"]
[WhiteElo "2013"]
[BlackElo "2040"]
[PlyCount "51"]
[EventDate "2011.03.29"]
[EventType "tourn"]
[EventRounds "1"]
[EventCountry "POL"]
[SourceDate "2011.03.31"]

1. e4 c5 2. Nf3 Nc6 3. c3 g6 4. d4 cxd4 5. cxd4 Bg7 6. Nc3 d6 7. Bc4 e6 8. O-O
Nge7 9. Bf4 O-O 10. Bb3 Na5 11. Nb5 Nxb3 12. Qxb3 d5 13. e5 h6 14. Rac1 b6 15.
Qa3 a5 16. Nc7 Rb8 17. Rc2 Nf5 18. g4 Nh4 19. Rfc1 Nxf3+ 20. Qxf3 f5 21. Qg3 g5
22. Bd2 Qd7 23. b4 Qf7 24. Nb5 Qd7 25. Nd6 Ba6 26. b5 1-0

[Event "89th YMCA Spring-A"]
[Site "Warszawa"]
[Date "2011.04.26"]
[Round "5"]
[White "Krasiewicz, Robert"]
[Black "Kasperkiewicz, Pawel"]
[Result "0-1"]
[WhiteElo "2057"]
[BlackElo "2128"]
[PlyCount "68"]
[EventDate "2011.03.29"]
[EventType "tourn"]
[EventRounds "1"]
[EventCountry "POL"]
[SourceDate "2011.03.31"]

1. d4 Nf6 2. c4 e6 3. Nf3 b6 4. g3 Ba6 5. b3 Bb4+ 6. Bd2 Be7 7. Bg2 Bb7 8. Nc3
O-O 9. O-O d5 10. cxd5 exd5 11. a3 a5 12. Qc2 Nbd7 13. Bf4 Rc8 14. Nb5 c5 15.
Nd6 Bxd6 16. Bxd6 Re8 17. Qb2 Ne4 18. Bf4 Nf8 19. Rfd1 Ne6 20. Be3 Qf6 21. Rac1
Nd6 22. h4 h6 23. Bh3 Nf5 24. Bxf5 Qxf5 25. Kh2 Re7 26. Rd2 Ba6 27. b4 Bxe2 28.
Rxe2 Qxf3 29. dxc5 d4 30. Bxd4 Nf4 31. gxf4 Rxe2 32. Qc3 Qxf4+ 33. Kh3 Re4 34.
Be3 Qf3+ 0-1

[Event "89th YMCA Spring-A"]
[Site "Warszawa"]
[Date "2011.04.27"]
[Round "5"]
[White "Grochulski, Grzegorz"]
[Black "Kielar, Maciej"]
[Result "0-1"]
[WhiteElo "2069"]
[BlackElo "2101"]
[PlyCount "76"]
[EventDate "2011.03.29"]
[EventType "tourn"]
[EventRounds "1"]
[EventCountry "POL"]
[SourceDate "2011.03.31"]

1. e4 c5 2. Nf3 d6 3. c3 Nf6 4. Bd3 Nc6 5. O-O Bg4 6. h3 Bh5 7. Re1 Qd7 8. Bb5
e5 9. d3 Be7 10. Nbd2 g5 11. Nf1 g4 12. hxg4 Bxg4 13. Bxc6 bxc6 14. N1h2 Rg8
15. Kf1 Bh5 16. Qa4 Rc8 17. Ng1 Ng4 18. Nxg4 Qxg4 19. g3 f5 20. Qc2 f4 21. Re2
fxg3 22. f3 Rf8 23. Bh6 Rxf3+ 24. Nxf3 Qxf3+ 25. Ke1 Qf6 26. Be3 Bxe2 27. Qxe2
Qg6 28. Kd2 h5 29. Qg2 Qg4 30. Rg1 h4 31. Kc2 Kd7 32. Kb3 Rh8 33. Bf2 Qe6+ 34.
c4 gxf2 35. Qxf2 Qf6 36. Qd2 h3 37. Qa5 h2 38. Qxa7+ Ke6 0-1

[Event "89th YMCA Spring-A"]
[Site "Warszawa"]
[Date "2011.05.03"]
[Round "6"]
[White "Choroszej, Aleksander"]
[Black "Kielar, Maciej"]
[Result "0-1"]
[WhiteElo "2067"]
[BlackElo "2101"]
[PlyCount "62"]
[EventDate "2011.03.29"]
[EventType "tourn"]
[EventRounds "1"]
[EventCountry "POL"]
[SourceDate "2011.03.31"]

1. d4 Nf6 2. c4 g6 3. Nc3 Bg7 4. e4 d6 5. f4 O-O 6. Nf3 c5 7. d5 e6 8. Be2 exd5
9. cxd5 Bg4 10. O-O Nbd7 11. Re1 Re8 12. h3 Bxf3 13. Bxf3 c4 14. Be3 Qa5 15.
Kh1 b5 16. a4 b4 17. Nb5 Nxe4 18. Bxe4 Rxe4 19. Nxd6 Rxe3 20. Rxe3 Qc5 21. Nxc4
Qxc4 22. Qd2 Bf8 23. f5 Rc8 24. fxg6 hxg6 25. Rae1 Qf4 26. Qe2 Bd6 27. g3 Qf5
28. Qg2 Rc2 29. R3e2 Rxe2 30. Rxe2 Ne5 31. Re1 a5 0-1

[Event "89th YMCA Spring-A"]
[Site "Warszawa"]
[Date "2011.05.17"]
[Round "6"]
[White "Kasperkiewicz, Pawel"]
[Black "Grochulski, Grzegorz"]
[Result "1-0"]
[WhiteElo "2128"]
[BlackElo "2069"]
[PlyCount "129"]
[EventDate "2011.03.29"]
[EventType "tourn"]
[EventRounds "1"]
[EventCountry "POL"]
[SourceDate "2011.03.31"]

1. e4 Nf6 2. e5 Nd5 3. g3 c5 4. Bg2 e6 5. Nf3 Nc6 6. O-O Qc7 7. Re1 d6 8. exd6
Bxd6 9. Na3 a6 10. Nc4 Be7 11. a4 O-O 12. a5 Bf6 13. d3 Bd7 14. c3 h6 15. Nfd2
Be7 16. Ne4 f5 17. Ned2 Bf6 18. Nf3 g5 19. Qe2 Rae8 20. h4 f4 21. hxg5 hxg5 22.
Nfe5 Nxe5 23. Nxe5 Bxe5 24. Qxe5 Qd8 25. Bd2 Rf5 26. Qd6 Bc8 27. Qxd8 Rxd8 28.
Bh3 Rf6 29. Re5 Rg6 30. Rae1 g4 31. Bf1 fxg3 32. fxg3 Kf7 33. R1e4 Bd7 34. Be2
Nf6 35. Rf4 Rh8 36. Bf1 Ke7 37. Bg2 Nh5 38. Rf2 Kd6 39. Re3 Ng7 40. Re4 Nf5 41.
Bf4+ Ke7 42. Re5 c4 43. dxc4 Bc6 44. Bxc6 bxc6 45. Rc5 Rc8 46. Re2 Ng7 47. b4
e5 48. Rexe5+ Ne6 49. b5 Kd7 50. bxc6+ Ke7 51. c7 Kf7 52. Rf5+ Rf6 53. Rxf6+
Kxf6 54. Rc6 Kf5 55. Bd6 Ke4 56. Rb6 Nxc7 57. Rc6 Rb8 58. Bxc7 Rc8 59. Re6+ Kf5
60. Re7 Kf6 61. Rh7 Kg6 62. Rd7 Kf5 63. Kf2 Ke4 64. Rd4+ Kf5 65. Bd6 1-0

[Event "89th YMCA Spring-A"]
[Site "Warszawa"]
[Date "2011.05.06"]
[Round "6"]
[White "Jaworski, Andrzej"]
[Black "Krasiewicz, Robert"]
[Result "1/2-1/2"]
[WhiteElo "2040"]
[BlackElo "2057"]
[Annotator "M"]
[PlyCount "135"]
[EventDate "2011.03.29"]
[EventType "tourn"]
[EventRounds "1"]
[EventCountry "POL"]
[SourceDate "2011.03.31"]

1. e4 d5 2. exd5 Qxd5 3. Nc3 Qd6 4. d4 Nf6 5. Nf3 a6 6. h3 b5 7. a3 Nbd7 8. Be3
Bb7 9. Be2 e6 10. Qd2 Be7 11. Bf4 Qb6 12. O-O O-O 13. Rad1 Rfd8 14. b4 Bd5 15.
Nxd5 exd5 16. Bd3 Ne4 17. Bxe4 dxe4 18. Ne5 a5 19. bxa5 Qb7 20. Qc3 Ra6 21.
Rfe1 Nf6 22. Qb3 Qd5 23. c4 bxc4 24. Qxc4 Rda8 25. Qxc7 Bd6 26. Qc2 Rxa5 27.
Bg5 Rxa3 28. Bxf6 gxf6 29. Ng4 Kg7 30. Ne3 Qe6 31. Qe2 Bb4 32. Rf1 R8a5 33. d5
Qd7 34. Qh5 Rd3 35. Rb1 Rxe3 36. fxe3 Bd2 37. Rb3 Rxd5 38. Qe2 Ba5 39. Qg4+
Qxg4 40. hxg4 Kg6 41. Rf4 Rd1+ 42. Rf1 Rd5 43. Rf5 Rd1+ 44. Kf2 Rd2+ 45. Kf1
Rd1+ 46. Kf2 Rd2+ 47. Kg1 Rd1+ 48. Rf1 Rd5 49. Ra3 Bb6 50. Rb1 Bc5 51. Rc3 Kg5
52. Rf1 Kxg4 53. Rxf6 Rd1+ 54. Rf1 Rxf1+ 55. Kxf1 Bb6 56. Kf2 f5 57. Rc6 Ba7
58. g3 Bb8 59. Rc8 Bxg3+ 60. Kg2 Bh4 61. Rg8+ Bg5 62. Kf2 f4 63. exf4 Kxf4 64.
Rf8+ Kg4 65. Kg2 e3 66. Re8 $11 h5 67. Rxe3 Bxe3 68. Kh2 $11 1/2-1/2

[Event "89th YMCA Spring-A"]
[Site "Warszawa"]
[Date "2011.05.06"]
[Round "6"]
[White "Jarmula, Pawel"]
[Black "Liberadzki, Slawomir"]
[Result "1-0"]
[WhiteElo "2031"]
[BlackElo "2013"]
[PlyCount "105"]
[EventDate "2011.03.29"]
[EventType "tourn"]
[EventRounds "1"]
[EventCountry "POL"]
[SourceDate "2011.03.31"]

1. e4 c5 2. Nf3 e6 3. d4 cxd4 4. Nxd4 Nc6 5. Nc3 Qc7 6. Be3 a6 7. Bd3 Nf6 8.
O-O Nxd4 9. Bxd4 Bc5 10. Bxc5 Qxc5 11. Na4 Qc7 12. c4 d6 13. Qb3 Bd7 14. Qb6
Rc8 15. Qxc7 Rxc7 16. Nc3 O-O 17. Rfd1 Bc6 18. f3 d5 19. cxd5 exd5 20. e5 Nd7
21. f4 Nc5 22. Bf5 Ne6 23. g3 d4 24. Ne2 Bf3 25. Kf2 Bxe2 26. Kxe2 g5 27. Kf3
Rd8 28. Rd2 Rc4 29. Bxe6 fxe6 30. Rad1 Kf7 31. b3 Rc3+ 32. Rd3 Rdc8 33. Ke4
gxf4 34. gxf4 Rxd3 35. Rxd3 Rc2 36. Rxd4 Re2+ 37. Kf3 Rxa2 38. Rd7+ Kf8 39.
Rxh7 b5 40. Ra7 Rxh2 41. Rxa6 Kf7 42. Ra7+ Kf8 43. Rb7 Rh3+ 44. Kg4 Rxb3 45.
Kg5 Rb4 46. f5 exf5 47. Kf6 Kg8 48. e6 f4 49. e7 Re4 50. Rb8+ Kh7 51. e8=Q Rxe8
52. Rxe8 f3 53. Re3 1-0

[Event "89th YMCA Spring-A"]
[Site "Warszawa"]
[Date "2011.05.26"]
[Round "6"]
[White "Gluszko, Monika"]
[Black "Malec, Sebastian"]
[Result "1/2-1/2"]
[WhiteElo "1990"]
[BlackElo "2195"]
[Annotator "M"]
[PlyCount "155"]
[EventDate "2011.03.29"]
[EventType "tourn"]
[EventRounds "1"]
[EventCountry "POL"]
[SourceDate "2011.03.31"]

1. e4 c5 2. Nf3 e6 3. b3 b6 4. d4 cxd4 5. Nxd4 Bb7 6. Bd3 Bc5 7. Bb2 Qf6 8. c3
Nc6 9. O-O Nxd4 10. cxd4 Bxd4 11. Bxd4 Qxd4 12. Na3 Nf6 13. Nb5 Qe5 14. Rc1 O-O
15. f4 Qh5 16. Qxh5 Nxh5 17. e5 f5 18. Nd6 Bc6 19. Bc4 Rad8 20. Bxe6+ dxe6 21.
Rxc6 Rd7 22. g3 Rfd8 23. Rfc1 Nf6 24. exf6 Rxd6 25. Rxd6 Rxd6 26. Rc8+ Kf7 27.
fxg7 Kxg7 28. Rc7+ Kg6 29. Rxa7 h5 30. Kg2 Rd2+ 31. Kh3 Rb2 32. Rb7 Rxa2 33.
Rxb6 Kf6 34. Rb7 Rb2 35. b4 Kg6 36. b5 Kf6 37. b6 e5 38. fxe5+ Kxe5 39. Re7+
Kf6 40. Rh7 Kg6 41. Rb7 Kf6 42. Rb8 Kg6 43. b7 Kg7 44. Kh4 Rxh2+ 45. Kg5 Rb2
46. Kxh5 Kh7 47. Kg5 Kg7 48. Kxf5 Rb1 49. Ke5 Re1+ 50. Kd4 Rd1+ 51. Kc3 Rb1 $11
52. g4 Rb6 53. Kc4 Rb1 54. Kd5 Rd1+ 55. Ke5 Re1+ 56. Kf5 Rf1+ 57. Kg5 Rb1 58.
Rc8 Rxb7 59. Rc6 Rb5+ 60. Kh4 Rb7 61. Kh5 Ra7 62. Rg6+ Kh7 63. Rb6 Kg7 64. g5
Rc7 65. Rh6 Rb7 66. Rg6+ Kh7 67. Re6 Kg7 68. Kg4 Rb4+ 69. Kf5 Rb5+ 70. Re5
Rxe5+ 71. Kxe5 Kg6 72. Kf4 Kg7 73. Kf5 Kf7 74. g6+ Kg7 75. Kg5 Kg8 76. Kg4 Kg7
77. Kh5 Kg8 78. Kh6 $11 1/2-1/2

[Event "89th YMCA Spring-A"]
[Site "Warszawa"]
[Date "2011.05.06"]
[Round "6"]
[White "Kaczorowski, Piotr"]
[Black "Zurkowski, Andrzej"]
[Result "1/2-1/2"]
[WhiteElo "2117"]
[BlackElo "2135"]
[PlyCount "120"]
[EventDate "2011.03.29"]
[EventType "tourn"]
[EventRounds "1"]
[EventCountry "POL"]
[SourceDate "2011.03.31"]

1. Nf3 g6 2. g3 Bg7 3. Bg2 e5 4. O-O d6 5. c4 Nf6 6. Nc3 O-O 7. d4 exd4 8. Nxd4
Nbd7 9. h3 Re8 10. Re1 Nc5 11. e4 a5 12. f3 c6 13. Be3 Ne6 14. f4 Nxd4 15. Bxd4
Be6 16. Qd3 Nh5 17. Bf2 Qd7 18. Kh2 f5 19. Rad1 Qf7 20. b3 g5 21. fxg5 Be5 22.
Rf1 f4 23. Ne2 Rf8 24. gxf4 Bxf4+ 25. Nxf4 Nxf4 26. Qg3 Nxg2 27. Kxg2 Qg6 28.
Rxd6 Qxe4+ 29. Kh2 Qe2 30. g6 h6 31. Qg2 Rf5 32. g7 a4 33. Re1 Qxf2 34. Rdxe6
Qxg2+ 35. Kxg2 axb3 36. axb3 Rg5+ 37. Kf3 Rxg7 38. R1e3 Kh7 39. Ke4 Rd8 40. Rf3
c5 41. Re5 Rd4+ 42. Ke3 Rgd7 43. Rxc5 Rd3+ 44. Kf2 Rxf3+ 45. Kxf3 Rd3+ 46. Kg4
Rxb3 47. h4 Rb1 48. Kh3 Rb6 49. Rc7+ Kg8 50. Kg4 Rb1 51. Kf5 Rc1 52. Kg6 Kf8
53. c5 Ke8 54. Kxh6 Kd8 55. Rxb7 Rxc5 56. Rf7 Ke8 57. Rf6 Ke7 58. Rf4 Rc1 59.
h5 Rg1 60. Kh7 Ke8 1/2-1/2